000 00450ntaaa2200169 4500
003 01
005 20251027201830.0
008 0714s1973 ag 01
040 _aAR-BaBN
_bspa
_cAR-BaBN
_eaacr
_dRIC
082 _a244.0000 T64
245 _aTouchstones of success by 160 present-day men of achievement
250 _a1 ed.
260 _aPhiladelphia :
_bVir Publishing Company,
_cc1920
300 _a256 p
650 _abiografĂ­as
_911246
942 _cBK
999 _c13022
_d13022